Giáo trình lí thuyết phương trình đại số Sách dành cho Cao đẳng sư phạm
Gorde:
| Egile nagusia: | |
|---|---|
| Formatua: | Liburua |
| Argitaratua: |
Hà Nội
Đại học sư phạm
2007
|
| Gaiak: | |
| Etiketak: |
Etiketa erantsi
Etiketarik gabe, Izan zaitez lehena erregistro honi etiketa jartzen!
|
| Thư viện lưu trữ: | Trung tâm Học liệu Lê Vũ Hùng, Trường Đại học Đồng Tháp |
|---|
| LEADER | 00874pam a22002298a 4500 | ||
|---|---|---|---|
| 001 | 00042376 | ||
| 005 | 20180919140945.0 | ||
| 008 | 110517s2007 ||||||Viesd | ||
| 041 | 0 | # | |a Vie |
| 082 | 1 | 4 | |a 512.007 1 |b GI108TR |
| 100 | 0 | # | |a Nguyễn, Duy Thuận |
| 245 | 0 | 0 | |a Giáo trình lí thuyết phương trình đại số |b Sách dành cho Cao đẳng sư phạm |c Nguyễn Duy Thuận |
| 260 | # | # | |a Hà Nội |b Đại học sư phạm |c 2007 |
| 300 | # | # | |a 129 tr. |c 24 cm. |
| 500 | # | # | |a Bộ giáo dục và đào tạo. Dự án đào tạo giáo viên Trung học cơ sở |
| 650 | # | 4 | |a Căn thức |
| 650 | # | 4 | |a Phương trình |
| 653 | # | # | |a Giáo trình |
| 653 | # | # | |a Đại số |
| 852 | # | # | |j KGT.0055153 |
| 910 | |d 19/09/2018 | ||
| 980 | # | # | |a Trung tâm Học liệu Lê Vũ Hùng, Trường Đại học Đồng Tháp |